[Event "Iberoamerican-ch 8th"]
[Site "Mexico City"]
[Date "2022.02.16"]
[Round "6"]
[White "Vega Garcia, Jorge Arturo"]
[Black "Santos, Jose Guilherme B Li"]
[Result "0-1"]
[WhiteElo "2121"]
[BlackElo "2363"]
[PlyCount "88"]
[EventDate "2022.02.12"]
[EventType "swiss"]
[EventRounds "9"]
[EventCountry "MEX"]
[SourceTitle "CBM 206 Extra"]
[Source "ChessBase"]
[SourceDate "2022.03.31"]
[SourceVersion "1"]
[SourceVersionDate "2022.03.31"]
[SourceQuality "1"]

1. d4 Nf6 2. Nf3 e6 3. Bg5 d5 4. e3 h6 5. Bh4 Be7 6. c4 0-0 7. Nc3 b6 8. Rc1 Bb7 9. Bxf6 Bxf6 10. cxd5 exd5 11. Bd3 c6 12. 0-0 Re8 13. b4 Qd6 14. Qb3 Be7 15. Rb1 Nd7 16. Rfc1 Bf6 17. Na4 g6 18. Nc5 Bc8 19. Na6 Re6 20. Rc2 Be7 21. Rbc1 Bxa6 22. Bxa6 c5 23. b5 c4 24. Qc3 Qc7 25. Nd2 Nf6 26. Re1 Bd6 27. h3 Qe7 28. Rb1 Re8 29. a4 g5 30. Ra2 g4 31. hxg4 Nxg4 32. Nf1 Qh4 33. g3 Qe7 34. Qc2 Rf6 35. Qd1 h5 36. a5 Rg6 37. axb6 axb6 38. Qf3 Rg5 39. Qh1 Nf6 40. Qh3 h4 41. Bc8 hxg3 42. f4 Rh5 43. Qxg3+ Kh7 44. Ra8 Qe4 0-1

[Event "Iberoamerican-ch 8th"]
[Site "Mexico City"]
[Date "2022.02.13"]
[Round "2"]
[White "Vega Garcia, Jorge Arturo"]
[Black "Cardoso Cardoso, Jose Gabriel"]
[Result "1/2-1/2"]
[WhiteElo "2121"]
[BlackElo "2461"]
[PlyCount "73"]
[EventDate "2022.02.12"]
[EventType "swiss"]
[EventRounds "9"]
[EventCountry "MEX"]
[SourceTitle "CBM 206 Extra"]
[Source "ChessBase"]
[SourceDate "2022.03.31"]
[SourceVersion "1"]
[SourceVersionDate "2022.03.31"]
[SourceQuality "1"]

1. d4 Nf6 2. Nf3 d5 3. c4 e6 4. Bg5 dxc4 5. Qa4+ Nbd7 6. Qxc4 c5 7. e3 a6 8. a4 cxd4 9. Qxd4 Bc5 10. Bxf6 Qxf6 11. Qxf6 Nxf6 12. Nbd2 Ke7 13. Bd3 Bd7 14. Ke2 Rhd8 15. Rhc1 Rac8 16. Ne4 Bb4 17. Nxf6 Kxf6 18. b3 e5 19. h3 Be6 20. Bc4 Bxc4+ 21. Rxc4 Rxc4 22. bxc4 Ke6 23. Rb1 a5 24. Rd1 Rc8 25. Rd5 Rxc4 26. Rxe5+ Kd7 27. Rxa5 Rc2+ 28. Kd1 Rxf2 29. Rb5 Bd6 30. Rxb7+ Bc7 31. Nd4 Kc8 32. Ra7 Bb8 33. Re7 Bd6 34. Re4 g6 35. g4 Kd7 36. Nb5 Bc5 37. Rf4 1/2-1/2

[Event "Mexico City Latinoamericano op 1st"]
[Site "Mexico City"]
[Date "2021.11.07"]
[Round "5"]
[White "Galaviz Medina, Atlas Adomaitis"]
[Black "Vega Garcia, Jorge Arturo"]
[Result "0-1"]
[WhiteElo "1957"]
[BlackElo "2119"]
[PlyCount "152"]
[EventDate "2021.11.04"]
[EventType "swiss"]
[EventRounds "9"]
[EventCountry "MEX"]
[SourceTitle "EXT 2023"]
[Source "ChessBase"]
[SourceDate "2022.10.05"]
[SourceVersion "1"]
[SourceVersionDate "2022.10.05"]
[SourceQuality "1"]

1. d4 Nf6 2. Nf3 c5 3. c4 g6 4. d5 d6 5. Nc3 Bg7 6. g3 0-0 7. Bg2 e6 8. 0-0 exd5 9. cxd5 Re8 10. Nd2 Nbd7 11. Nb5 Bf8 12. Nc4 Nb6 13. Nxb6 Qxb6 14. a4 Bd7 15. Nc3 c4 16. Qc2 Qc5 17. Bg5 Bg7 18. Bxf6 Bxf6 19. Ne4 Rxe4 20. Bxe4 Qb4 21. Ra2 Rc8 22. Rb1 Rc5 23. Kg2 Ra5 24. b3 c3 25. h4 a6 26. h5 Kg7 27. hxg6 hxg6 28. f3 Bd4 29. g4 Bf6 30. e3 Rc5 31. Kg3 Rc8 32. Rh1 Rh8 33. Rxh8 Kxh8 34. Bxg6 Kg7 35. Be4 Qb6 36. Kf2 Kf8 37. g5 Be5 38. f4 Bxf4 39. Qxc3 Bxg5 40. Kf3 Ke7 41. a5 Qd8 42. Qg7 Bf6 43. Qh7 Kf8 44. Bf5 Be8 45. Rg2 Qxa5 46. Be6 Qb5 47. Kf2 a5 48. Rg8+ Ke7 49. Qe4 Be5 50. Qh4+ Bf6 51. Qh7 a4 52. bxa4 Qxa4 53. Kg2 Qb5 54. Kf2 Qa4 55. Kg2 Qb5 56. Kg3 Be5+ 57. Kf2 Qb2+ 58. Kf3 Qb5 59. Rg1 Qc4 60. Bf5 Bb5 61. Re1 Bc3 62. Be6 Bxe1 63. Qxf7+ Kd8 64. Qf8+ Kc7 65. Qe7+ Kb8 66. Qxd6+ Ka7 67. Qf4 Qe2+ 68. Ke4 Qc2+ 69. Ke5 Bc3+ 70. Kd6 Qh7 71. Bf7 Qh8 72. Ke7 Be5 73. Qg5 Qb8 74. Qg6 Qc7+ 75. Kf8 Qd8+ 76. Be8 Bd6+ 0-1

[Event "Mexico City Latinoamericano op 1st"]
[Site "Mexico City"]
[Date "2021.11.05"]
[Round "2"]
[White "Vega Garcia, Jorge Arturo"]
[Black "Resendiz, Hernandez Gerardo"]
[Result "1/2-1/2"]
[WhiteElo "2119"]
[BlackElo "1827"]
[PlyCount "48"]
[EventDate "2021.11.04"]
[EventType "swiss"]
[EventRounds "9"]
[EventCountry "MEX"]
[SourceTitle "EXT 2023"]
[Source "ChessBase"]
[SourceDate "2022.10.05"]
[SourceVersion "1"]
[SourceVersionDate "2022.10.05"]
[SourceQuality "1"]

1. e4 c5 2. Nf3 Nc6 3. Bb5 Nd4 4. Nxd4 cxd4 5. 0-0 a6 6. Bc4 b5 7. Bd5 Rb8 8. d3 e6 9. Bb3 Bb7 10. f4 Nf6 11. Nd2 Be7 12. Nf3 Qb6 13. Kh1 0-0 14. Bd2 a5 15. a4 bxa4 16. Rxa4 Bb4 17. Bxb4 axb4 18. Qd2 Bc6 19. Ra2 Ng4 20. Rfa1 Ra8 21. h3 Rxa2 22. Rxa2 Ne3 23. Ne5 f5 24. Nxc6 Qxc6 1/2-1/2

[Event "Mexican op 66th"]
[Site "Villahermosa"]
[Date "2021.08.07"]
[Round "6"]
[White "Villanueva De Leon, Vanessa"]
[Black "Vega Garcia, Jorge Arturo"]
[Result "1/2-1/2"]
[WhiteElo "1701"]
[BlackElo "2190"]
[PlyCount "94"]
[EventDate "2021.08.04"]
[EventType "swiss"]
[EventRounds "8"]
[EventCountry "MEX"]
[SourceTitle "CBM 203 Extra"]
[Source "ChessBase"]
[SourceDate "2021.09.30"]
[SourceVersion "1"]
[SourceVersionDate "2021.09.30"]
[SourceQuality "1"]

1. e4 c5 2. Nc3 e6 3. g3 Nc6 4. Bg2 g6 5. Nge2 Bg7 6. d3 Nge7 7. 0-0 0-0 8. Be3 Nd4 9. Qd2 d6 10. Rac1 Qa5 11. Rfe1 Bd7 12. Nd5 Nxe2+ 13. Rxe2 Qd8 14. Nxe7+ Qxe7 15. Bh6 Bxh6 16. Qxh6 Qf6 17. c3 Bb5 18. Rd2 Rac8 19. Re1 Rfd8 20. h4 Qe7 21. Qe3 Qc7 22. h5 Re8 23. h6 f6 24. f4 Rcd8 25. c4 Ba6 26. g4 e5 27. g5 fxg5 28. fxg5 Rf8 29. Bh3 Qe7 30. Rf1 Rf4 31. Qg3 Rdf8 32. Rdf2 Rxf2 33. Rxf2 Rxf2 34. Kxf2 b5 35. b3 bxc4 36. bxc4 Bb7 37. Qg4 Kf8 38. Qe6 Qxg5 39. Qxd6+ Qe7 40. Qb8+ Kf7 41. Qxa7 Kf6 42. Qa3 Kg5 43. Qc1+ Kh5 44. Bg2 g5 45. Qh1+ Kg6 46. Bf3 Qd6 47. Qh5+ Kf6 1/2-1/2

[Event "FIDE World Cup Mexico Qual"]
[Site "Mexico City"]
[Date "2021.05.28"]
[Round "4"]
[White "Carreto Nieto, Geovanni"]
[Black "Vega Garcia, Jorge Arturo"]
[Result "1/2-1/2"]
[WhiteElo "2208"]
[BlackElo "2184"]
[PlyCount "76"]
[EventDate "2021.05.26"]
[EventType "swiss"]
[EventRounds "9"]
[EventCountry "MEX"]
[SourceTitle "CBM 202 Extra"]
[Source "ChessBase"]
[SourceDate "2021.07.31"]
[SourceVersion "1"]
[SourceVersionDate "2021.07.31"]
[SourceQuality "1"]

1. e4 c6 2. d4 g6 3. Nc3 Bg7 4. Nf3 d5 5. h3 dxe4 6. Nxe4 Nf6 7. Nxf6+ exf6 8. Be2 Na6 9. 0-0 Nc7 10. Re1 0-0 11. b3 Re8 12. Qd2 Qd6 13. a4 Bf5 14. Ba3 Qd7 15. Bd3 Nd5 16. Bxf5 Qxf5 17. Rxe8+ Rxe8 18. Re1 Rxe1+ 19. Qxe1 Qd7 20. c4 Nf4 21. Qe4 Bh6 22. Kf1 Qe6 23. Qe3 a6 24. Bc1 Kg7 25. Qxe6 fxe6 26. Bxf4 Bxf4 27. Ne1 Kf7 28. Ke2 Ke8 29. Nd3 Bd6 30. Ke3 Kd7 31. f4 Bf8 32. g4 Be7 33. Kf3 Bd6 34. g5 f5 35. a5 Be7 36. h4 Bd6 37. c5 Bc7 38. b4 Ke8 1/2-1/2

[Event "Cuernavaca Sisniega Memorial"]
[Site "Cuernavaca"]
[Date "2015.11.15"]
[Round "7"]
[White "Gonzalez Zamora, Juan Carlos"]
[Black "Vega Garcia, Jorge Arturo"]
[Result "1/2-1/2"]
[WhiteElo "2532"]
[BlackElo "2193"]
[PlyCount "96"]
[EventDate "2015.11.11"]
[EventType "swiss"]
[EventRounds "9"]
[EventCountry "MEX"]
[SourceTitle "CBM 169 Extra"]
[Source "ChessBase"]
[SourceDate "2015.12.18"]
[SourceVersion "1"]
[SourceVersionDate "2015.12.18"]
[SourceQuality "1"]

1. Nf3 Nf6 2. c4 e6 3. g3 b6 4. Bg2 Bb7 5. 0-0 c5 6. Nc3 d6 7. d4 cxd4 8. Qxd4 a6 9. Bg5 Nbd7 10. Nd2 Bxg2 11. Kxg2 Qc7 12. Nde4 Qc6 13. f3 Nxe4 14. Nxe4 h6 15. Bd2 f5 16. Nf2 Nf6 17. e4 e5 18. Qd3 fxe4 19. Nxe4 Be7 20. Nxf6+ Bxf6 21. Qg6+ Kd7 22. Qf7+ Kc8 23. Bb4 Rd8 24. Rad1 Rd7 25. Qe6 Kc7 26. Rd3 Rad8 27. Rd2 d5 28. Qxc6+ Kxc6 29. cxd5+ Rxd5 30. Rxd5 Rxd5 31. Bc3 Kd6 32. Re1 Rd3 33. Re4 a5 34. a4 Kd5 35. g4 g5 36. Kf2 Rd1 37. Re2 Ra1 38. Rd2+ Ke6 39. b3 Rb1 40. Rb2 Rc1 41. Bd2 Rh1 42. Kg2 Rd1 43. Be3 e4 44. Rc2 Rd3 45. Rc6+ Kf7 46. Kf2 Rxb3 47. Rxb6 Ra3 48. Rb7+ Kg6 1/2-1/2

[Event "Mexican op 56th"]
[Site "Monterrey"]
[Date "2010.04.03"]
[Round "7"]
[White "Vega Garcia, Jorge Arturo"]
[Black "Cordova, Emilio"]
[Result "1/2-1/2"]
[WhiteElo "2260"]
[BlackElo "2564"]
[PlyCount "92"]
[EventDate "2010.03.30"]
[EventType "swiss"]
[EventRounds "9"]
[EventCountry "MEX"]
[SourceTitle "CBM 135 Extra"]
[Source "ChessBase"]
[SourceDate "2010.05.04"]
[SourceVersion "1"]
[SourceVersionDate "2010.05.04"]
[SourceQuality "1"]

1. d4 Nf6 2. Nf3 e6 3. Bf4 b6 4. Nbd2 Bb7 5. e3 Be7 6. h3 c5 7. c3 Nc6 8. Bd3 0-0 9. 0-0 d6 10. Qe2 a6 11. dxc5 bxc5 12. e4 Nd7 13. Rad1 Re8 14. Nc4 d5 15. Nd6 Qb8 16. Nxe8 Qxf4 17. g3 Qb8 18. Nxg7 Kxg7 19. exd5 exd5 20. Nh4 Bxh4 21. Qg4+ Kf8 22. Qxh4 Qd6 23. Qxh7 Qf6 24. Qf5 Qxf5 25. Bxf5 Nb6 26. Rfe1 Rd8 27. f4 Ne7 28. Bc2 d4 29. cxd4 cxd4 30. Bd3 Na4 31. Be4 Bc8 32. Rd2 Nc5 33. Bg2 Ne6 34. Re5 f6 35. Ra5 Rd6 36. f5 Nd8 37. g4 Ndc6 38. Rc5 Bd7 39. Kf2 Ne5 40. Kg3 d3 41. b3 Kg7 42. Kf4 Rd4+ 43. Ke3 Rd6 44. Kf4 Rd4+ 45. Ke3 Rd6 46. Bf1 Kg8 1/2-1/2

[Event "Carlos Torre Memorial op 21st"]
[Site "Merida"]
[Date "2008.12.14"]
[Round "3"]
[White "Vega Garcia, Jorge Arturo"]
[Black "Guerrero Rodriguez, Alejandra"]
[Result "1/2-1/2"]
[WhiteElo "2274"]
[BlackElo "2143"]
[PlyCount "55"]
[EventDate "2008.12.13"]
[EventType "swiss"]
[EventRounds "9"]
[EventCountry "MEX"]
[SourceTitle "CBM 127 Extra"]
[Source "ChessBase"]
[SourceDate "2009.01.08"]
[SourceVersion "2"]
[SourceVersionDate "2009.01.28"]
[SourceQuality "1"]

1. d4 d5 2. Nf3 Nf6 3. Bf4 e6 4. Nbd2 c5 5. e3 Nc6 6. c3 Be7 7. h3 0-0 8. Bd3 b6 9. 0-0 Nd7 10. Re1 f5 11. c4 Nf6 12. dxc5 bxc5 13. a3 Ne4 14. Qc2 Bd6 15. Bxd6 Qxd6 16. Rad1 Qe7 17. Bf1 Bb7 18. Nb3 Rad8 19. Nfd2 Ne5 20. cxd5 Bxd5 21. f4 Qh4 22. Nxe4 Bxe4 23. Qf2 Qxf2+ 24. Kxf2 Rxd1 25. Rxd1 Bc2 26. Rc1 Bxb3 27. fxe5 Rc8 28. Bc4 1/2-1/2

[Event "MEX-ch"]
[Site "Mexico City"]
[Date "2002.??.??"]
[Round "9"]
[White "De la Garza Madero, Arturo"]
[Black "Vega Garcia, Jorge Arturo"]
[Result "1/2-1/2"]
[WhiteElo "2243"]
[BlackElo "2238"]
[PlyCount "20"]
[EventDate "2002.??.??"]
[EventType "swiss"]
[EventRounds "9"]
[EventCountry "MEX"]
[SourceTitle "EXT 2003"]
[Source "ChessBase"]
[SourceDate "2002.11.25"]
[SourceVersion "1"]
[SourceVersionDate "2002.11.25"]
[SourceQuality "1"]

1. e4 e5 2. Nf3 Nc6 3. Bb5 g6 4. 0-0 Bg7 5. c3 d6 6. h3 Nge7 7. d4 Bd7 8. Re1 0-0 9. d5 Nb8 10. Bxd7 Nxd7 1/2-1/2

[Event "Carlos Torre Memorial op 14th"]
[Site "Merida"]
[Date "2001.12.20"]
[Round "7"]
[White "Hernandez Guerrero, Gilberto Eduardo"]
[Black "Vega Garcia, Jorge Arturo"]
[Result "1/2-1/2"]
[WhiteElo "2547"]
[BlackElo "2238"]
[PlyCount "43"]
[EventDate "2001.12.01"]
[EventType "swiss"]
[EventRounds "9"]
[EventCountry "MEX"]
[SourceTitle "CBM 085 Extra"]
[Source "ChessBase"]
[SourceDate "2002.01.21"]
[SourceVersion "1"]
[SourceVersionDate "2002.01.21"]
[SourceQuality "1"]

1. e4 e5 2. Nf3 Nc6 3. Bb5 Nge7 4. 0-0 d6 5. c3 Bd7 6. d4 g6 7. dxe5 dxe5 8. Qb3 Bg7 9. Bc4 0-0 10. Qxb7 Na5 11. Qa6 Nxc4 12. Qxc4 Be6 13. Qe2 h6 14. Na3 Qc8 15. Be3 Re8 16. Bc5 Qb7 17. Rfe1 Qc6 18. Qb5 a6 19. Qxc6 Nxc6 20. b3 f5 21. Rad1 Red8 22. exf5 1/2-1/2

[Event "Guillermo Garcia Memorial-B 02nd"]
[Site "Santa Clara"]
[Date "1994.??.??"]
[Round "?"]
[White "Vega Garcia, Jorge Arturo"]
[Black "Corzo, Amaury"]
[Result "1/2-1/2"]
[WhiteElo "2375"]
[BlackElo "2345"]
[PlyCount "93"]
[EventDate "1994.05.??"]
[EventType "tourn"]
[EventRounds "13"]
[EventCountry "CUB"]
[EventCategory "4"]
[SourceTitle "EXT 2006"]
[Source "ChessBase"]
[SourceDate "2005.11.24"]
[SourceVersion "1"]
[SourceVersionDate "2005.11.24"]
[SourceQuality "1"]

1. e4 c5 2. Nf3 Nc6 3. Bb5 d6 4. 0-0 Bd7 5. Re1 Nf6 6. c3 a6 7. Bf1 Bg4 8. d3 e6 9. Nbd2 Be7 10. h3 Bh5 11. g4 Bg6 12. Nh4 Nd7 13. Ng2 0-0 14. f4 f5 15. exf5 exf5 16. g5 Bf7 17. Ne3 g6 18. Bg2 Re8 19. Ndc4 Bf8 20. Nd5 Rxe1+ 21. Qxe1 b5 22. Nce3 Rb8 23. Bd2 Bg7 24. h4 Ne7 25. Kh2 Nxd5 26. Nxd5 Kf8 27. a4 bxa4 28. Rxa4 Bxd5 29. Bxd5 Qe7 30. Qxe7+ Kxe7 31. Ra2 a5 32. Bc1 Nb6 33. Bc6 Rc8 34. Bf3 a4 35. Kg2 d5 36. Bd1 Ra8 37. Bd2 Kd6 38. Bc2 Kc6 39. Ra1 Kd6 40. Kf3 c4 41. Be3 cxd3 42. Bxd3 Nc4 43. Bc1 Kc5 44. Bc2 a3 45. bxa3 Bxc3 46. Ra2 Re8 47. Bd3 1/2-1/2

[Event "Guillermo Garcia Memorial-B 02nd"]
[Site "Santa Clara"]
[Date "1994.??.??"]
[Round "6"]
[White "Vega Garcia, Jorge Arturo"]
[Black "Elissalt Cardenas, Hector"]
[Result "1-0"]
[WhiteElo "2375"]
[BlackElo "2415"]
[PlyCount "136"]
[EventDate "1994.05.??"]
[EventType "tourn"]
[EventRounds "13"]
[EventCountry "CUB"]
[EventCategory "4"]
[SourceTitle "EXT 2006"]
[Source "ChessBase"]
[SourceDate "2005.11.24"]
[SourceVersion "1"]
[SourceVersionDate "2005.11.24"]
[SourceQuality "1"]

1. e4 e6 2. Qe2 Be7 3. f4 d5 4. d3 b6 5. g3 Bb7 6. Bg2 Nf6 7. Nc3 c5 8. e5 Ng8 9. Nf3 Nc6 10. 0-0 h5 11. Qf2 Nh6 12. Ne2 Nf5 13. Bd2 Qd7 14. h3 0-0-0 15. a3 f6 16. g4 hxg4 17. hxg4 Nh6 18. Qg3 Rh7 19. Rab1 Rdh8 20. b4 f5 21. g5 Ng4 22. b5 Nb8 23. c3 d4 24. cxd4 Nh2 25. Nxh2 Rxh2 26. Qxh2 Rxh2 27. Kxh2 Bxg2 28. Kxg2 Qd5+ 29. Kf2 Qa2 30. Be3 Nd7 31. Rfc1 Kb7 32. Rd1 cxd4 33. Bxd4 Bc5 34. Ke3 Qxa3 35. Ra1 Qb3 36. Rh1 Qxb5 37. Rh7 Bf8 38. Rh8 a5 39. Rah1 a4 40. R1h7 Qd5 41. Rxf8 Nxf8 42. Rxg7+ Ka6 43. Rg8 Nd7 44. Rd8 Qc6 45. g6 Qg2 46. Rxd7 Qxg6 47. Rd6 a3 48. Rxb6+ Ka5 49. Rb7 Qg2 50. Bc3+ Ka4 51. Rb4+ Ka5 52. Rc4+ Kb5 53. Nd4+ Kb6 54. Rb4+ Kc7 55. Nb5+ Kd7 56. Nxa3 Qg1+ 57. Ke2 Qg2+ 58. Ke1 Ke7 59. Rd4 Kf7 60. Nc4 Kg6 61. Nd2 Qh2 62. Nb3 Qa2 63. Nd2 Kh5 64. Nf3 Kg4 65. Ng5 Kg3 66. Rc4 Qf2+ 67. Kd1 Qxf4 68. Bd2 Qf2 1-0